<?xml version="1.0" encoding="UTF-8"?>
<collection xmlns="http://www.loc.gov/MARC21/slim">
 <record>
  <leader>00382pamaa2200133   4500</leader>
  <controlfield tag="001">0000048633</controlfield>
  <controlfield tag="005">20110117090000.0</controlfield>
  <controlfield tag="008">110117                             eng  </controlfield>
  <datafield tag="022" ind1="0" ind2="0">
   <subfield code="a">1542894x</subfield>
  </datafield>
  <datafield tag="245" ind1="0" ind2="0">
   <subfield code="a">IE Industrial Engineer : </subfield>
   <subfield code="b">vol. 40, no. 7-12, 2008.</subfield>
  </datafield>
  <datafield tag="260" ind1="0" ind2="0">
   <subfield code="a">Noross, GA: </subfield>
   <subfield code="b">Industrial Engineer, </subfield>
   <subfield code="c">1969-.</subfield>
  </datafield>
  <datafield tag="300" ind1=" " ind2=" ">
   <subfield code="a">27cm.</subfield>
  </datafield>
  <datafield tag="650" ind1="0" ind2="0">
   <subfield code="a">Engineering -- </subfield>
   <subfield code="x">periodical </subfield>
  </datafield>
  <datafield tag="901" ind1=" " ind2=" ">
   <subfield code="u">www.iienet.org</subfield>
  </datafield>
 </record>
</collection>
